Cargando...

System Software:An Introduction to Systems Programming/ed.3

Detalles Bibliográficos
Autor Principal: Beck,Leland L and Manjula, D.
Formato: Printed Book
Publicado: New Delhi: Pearson; 2007.
LEADER 01474nam a22002057a 4500
082 |a 005.42 
100 |a Beck,Leland L and Manjula, D. 
245 |a System Software:An Introduction to Systems Programming/ed.3 
260 |a New Delhi:  |b Pearson;  |c 2007. 
300 |a 495p. 
942 |c BK 
999 |c 262528  |d 262528 
952 |0 0  |1 0  |4 0  |6 005_420000000000000_BEC_S  |7 0  |9 295883  |a CCS  |b CCS  |c ST1  |d 2012-12-10  |g 0.00  |l 0  |o 005.42 BEC/S  |p CCS3713  |r 2016-08-30  |w 2016-08-30  |y BK 
952 |0 0  |1 0  |4 0  |6 005_420000000000000_BEC_S  |7 0  |9 295884  |a CCS  |b CCS  |c ST1  |d 2012-12-10  |g 0.00  |l 0  |o 005.42 BEC/S  |p CCS3429  |r 2016-08-30  |w 2016-08-30  |y BK 
952 |0 0  |1 0  |4 0  |6 005_420000000000000_BEC_S  |7 0  |9 295885  |a CCS  |b CCS  |c ST1  |d 2012-12-10  |g 0.00  |l 0  |o 005.42 BEC/S  |p CCS3430  |r 2016-08-30  |w 2016-08-30  |y BK 
952 |0 0  |1 0  |4 0  |6 005_420000000000000_BEC_S  |7 0  |9 295886  |a CCS  |b CCS  |c ST1  |d 2012-12-10  |g 0.00  |l 0  |o 005.42 BEC/S  |p CCS3432  |r 2016-08-30  |w 2016-08-30  |y BK 
952 |0 0  |1 0  |4 0  |6 005_420000000000000_BEC_S  |7 0  |9 295887  |a CCS  |b CCS  |c ST1  |d 2012-12-10  |g 0.00  |l 0  |o 005.42 BEC/S  |p CCS3431  |r 2016-08-30  |w 2016-08-30  |y BK 
952 |0 0  |1 0  |4 0  |6 005_420000000000000_BEC_S  |7 0  |9 295888  |a CCS  |b CCS  |c ST1  |d 2012-12-10  |g 0.00  |l 0  |o 005.42 BEC/S  |p CCS3433  |r 2016-08-30  |w 2016-08-30  |y BK 
952 |0 0  |1 0  |4 0  |6 005_420000000000000_BEC_S  |7 0  |9 295889  |a CCS  |b CCS  |c ST1  |d 2013-01-11  |g 0.00  |l 0  |o 005.42 BEC/S  |p CCS3714  |r 2016-08-30  |w 2016-08-30  |y BK 
952 |0 0  |1 0  |4 0  |6 005_420000000000000_BEC_S  |7 0  |9 295890  |a CCS  |b CCS  |c REF  |d 2013-02-28  |l 0  |o 005.42 BEC/S  |p CCS3715  |r 2016-08-30  |w 2016-08-30  |y REF